The ten chromosomes of maize

محفوظ في:
التفاصيل البيبلوغرافية
التنسيق: كتاب
اللغة:Undetermined
منشور في: Illinois De Kalb Agricultural Association, Inc 1965
الموضوعات:
الوسوم: إضافة وسم
لا توجد وسوم, كن أول من يضع وسما على هذه التسجيلة!
Thư viện lưu trữ: Trung tâm Học liệu Trường Đại học Cần Thơ
LEADER 00454nam a2200157Ia 4500
001 CTU_30027
008 210402s9999 xx 000 0 und d
082 |a 581.87322 
082 |b D278 
245 4 |a The ten chromosomes of maize 
260 |a Illinois 
260 |b De Kalb Agricultural Association, Inc 
260 |c 1965 
650 |a corn - breeding,plant breeding 
904 |i Liên, 990129 
980 |a Trung tâm Học liệu Trường Đại học Cần Thơ